[Event "Sitges Sunway op-B 5th"]
[Site "Sitges"]
[Date "2018.12.15"]
[Round "2"]
[White "Peredo Claros, Luis Gabriel"]
[Black "Garcia Ruiz, Adrian"]
[Result "0-1"]
[WhiteElo "1813"]
[BlackElo "1977"]
[PlyCount "77"]
[EventDate "2018.12.14"]
[EventType "swiss"]
[EventRounds "10"]
[EventCountry "ESP"]
[SourceTitle "CBM 187 Extra"]
[Source "ChessBase"]
[SourceDate "2018.11.04"]
[SourceVersion "1"]
[SourceVersionDate "2018.11.04"]
[SourceQuality "1"]

1. e4 c5 2. Bc4 Nc6 3. a3 g6 4. Nc3 Bg7 5. Nge2 d6 6. d3 Nf6 7. Bg5 0-0 8. 0-0 a6 9. Ba2 h6 10. Bxf6 Bxf6 11. Rb1 b5 12. f4 e6 13. Ng3 Nd4 14. Nce2 h5 15. c3 Nc6 16. Rf2 a5 17. Qd2 Rb8 18. Rbf1 h4 19. Nh1 b4 20. axb4 axb4 21. d4 Qa5 22. e5 dxe5 23. fxe5 Bg7 24. Bb1 bxc3 25. bxc3 cxd4 26. Nxd4 Nxe5 27. Qg5 Qxc3 28. Qxh4 Ba6 29. Ne2 Qe3 30. Nhg3 Bd3 31. Bxd3 Nxd3 32. h3 Nxf2 33. Rxf2 Rfd8 34. Nf1 Rdc8 35. g4 Rb1 36. Kg2 Rxf1 37. Rxf1 Qxe2+ 38. Qf2 Qxf2+ 39. Kxf2 0-1

[Event "Vilafranca del Penedes op 7th"]
[Site "Vilafranca del Penedes"]
[Date "2013.05.24"]
[Round "8"]
[White "Khaidorov, Viacheslav"]
[Black "Peredo Claros, Luis Gabriel"]
[Result "1-0"]
[WhiteElo "2281"]
[BlackElo "1804"]
[PlyCount "61"]
[EventDate "2013.04.05"]
[EventType "swiss"]
[EventRounds "8"]
[EventCountry "ESP"]
[SourceTitle "EXT 2014"]
[Source "ChessBase"]
[SourceDate "2013.11.20"]
[SourceVersion "1"]
[SourceVersionDate "2013.11.20"]
[SourceQuality "1"]

1. d4 e6 2. c4 d5 3. Nc3 Bb4 4. a3 Bxc3+ 5. bxc3 c6 6. e3 Ne7 7. Bd3 f5 8. Ne2 0-0 9. 0-0 Nd7 10. f3 Nf6 11. Ng3 Ng6 12. e4 f4 13. Ne2 Nh5 14. e5 Nh8 15. g4 fxg3 16. hxg3 g6 17. g4 Ng7 18. Ng3 Rf7 19. Ra2 Bd7 20. Rh2 Rc8 21. Kg2 Qe7 22. Rfh1 Ne8 23. Qc2 c5 24. Bxg6 Nxg6 25. Qxg6+ Kh8 26. Bg5 Rg7 27. Rxh7+ Rxh7 28. Bxe7 Rxh1 29. Kxh1 cxd4 30. Nh5 Rxc4 31. Nf6 1-0